Pakistan Prisons Code (Jail Manual) / (Record no. 616001)

000 -LEADER
fixed length control field 00333nam a22001217a 4500
082 ## - DEWEY DECIMAL CLASSIFICATION NUMBER
Classification number 344.5491
Author Mark AUL
100 ## - MAIN ENTRY--PERSONAL NAME
Personal name Aulakh, Abdul Majeed
245 ## - TITLE STATEMENT
Title Pakistan Prisons Code (Jail Manual) /
Statement of responsibility, etc. Abdul Majeed Aulakh
260 ## - PUBLICATION, DISTRIBUTION, ETC.
Place of publication, distribution, etc. Lahore :
Name of publisher, distributor, etc. Kausar Brothers,
Date of publication, distribution, etc. 2006.
300 ## - PHYSICAL DESCRIPTION
Extent 760 p. ;
Dimensions 24 cm.
563 ## - BINDING INFORMATION
Binding note HB.
942 ## - ADDED ENTRY ELEMENTS (KOHA)
Source of classification or shelving scheme
Koha item type Book
Holdings
Withdrawn status Lost status Source of classification or shelving scheme Damaged status Not for loan Permanent Location Current Location Date acquired Source of acquisition Total Checkouts Full call number Barcode Date last seen Price effective from Koha item type
          NUST Law School (NLS) NUST Law School (NLS) 02/02/2026 Donated by Fahad Hashmi Account Officer S3H & NLS   344.5491 AUL NLSD-397 02/02/2026 02/02/2026 Book
© 2023 Central Library, National University of Sciences and Technology. All Rights Reserved.